000 00394nam a2200145 a 4500
001 000031756
005 20200930063145.0
008 110701s1979 dr a 000 0 spa d
040 _aDO-SdBNP
_bspa
_cBNPHU
082 _axxx
_bO13
245 0 0 _aObreras de zona franca.
260 _aSanto Domingo :
_bEdiciones Dominicanas Populares,
_c1979.
300 _a24 p. :
_bil. ;
_c21 cm.
049 _aBNPD
999 _c31248
_d31248